| 000 | 01237 a2200217 4500 | ||
|---|---|---|---|
| 001 | 59918 | ||
| 005 | 20260407155852.0 | ||
| 008 | 260407a1995 arg spa d | ||
| 003 | AR-UNSa-BCEJYS | ||
| 040 |
_aAR-UNSa-BCEJYS _bspa _cAR-UNSa-BCEJYS |
||
| 080 |
_a342 _xDerecho constitucional (Derecho Público) |
||
| 245 | 1 | 0 |
_aConstitución y control del poder _pIntroducción a una teoría constitucional del control |
| 020 | _a950-9385-29-8 | ||
| 264 | 1 |
_aBuenos Aires : _bEdiciones Ciudad Argentina _c1995 |
|
| 300 |
_a205 p. _c20 cm. |
||
| 505 | _a1. Introducción: Sobre la necesidad de una teoría del control "constitucionalmente adecuada" - 2. El control como elemento inseparable del concepto de constitución – 3. Los problemas conceptuales del control: controles sociales, políticos y jurídicos – 4. El control jurisdiccional como paradigma del control jurídico – 5. Características del control político. Sus diferencias con el control jurídico y el control social – 6. A modo de ejemplo: el control parlamentario como control político – 7. El papel del derecho en las diversas clases de control - | ||
| 041 | _aspa | ||
| 942 | _cBK | ||
| 590 | _aniveau_biblio:m niveau_hierar:0 | ||
| 100 | 1 | _aAragón, Manuel | |
| 999 |
_c6842 _d6842 |
||